Statistics for Top 200 NBA Scorers All-Time

Click here to take the quiz!

General Stats

  • This quiz has been taken 109 times
  • The average score is 118 of 200

Answer Stats

HintAnswer% Correct
38387Kareem Abdul-Jabbar
100%
34164LeBron James
99%
17231Jeff Malone
97%
36928Karl Malone
97%
33643Kobe Bryant
97%
32292Michael Jordan
97%
29580Moses Malone
97%
26496Tim Duncan
96%
28596Shaquille O'Neal
95%
31419Wilt Chamberlain
95%
14034David West
93%
25192Jerry West
93%
21791Larry Bird
93%
17707Magic Johnson
93%
24368Allen Iverson
92%
13422David Thompson
92%
15535Dennis Johnson
92%
23165Dwyane Wade
92%
19202Eddie Johnson
92%
20405Joe Johnson
92%
13892Marques Johnson
92%
18940Scottie Pippen
92%
26370Carmelo Anthony
91%
31560Dirk Nowitzki
91%
26946Hakeem Olajuwon
91%
22940Kevin Durant
91%
19591Clifford Robinson
89%
20790David Robinson
89%
14234Glenn Robinson
89%
20858James Harden
89%
26071Kevin Garnett
89%
16419Stephen Curry
89%
16278Andre Miller
88%
25279Reggie Miller
88%
20392Russell Westbrook
88%
26395John Havlicek
87%
24815Patrick Ewing
87%
24505Ray Allen
87%
18773Chris Paul
86%
30026Julius Erving
86%
26710Oscar Robertson
86%
26397Paul Pierce
86%
14467Ricky Pierce
86%
19473Tony Parker
86%
17529Jason Kidd
84%
17387Steve Nash
84%
23757Charles Barkley
83%
26668Dominique Wilkins
83%
21813Gary Payton
83%
19711John Stockton
83%
17335Kevin McHale
83%
17772Lenny Wilkens
83%
14522Bill Russell
82%
17189Chris Bosh
80%
22195Clyde Drexler
80%
15373Tim Hardaway
80%
25728Vince Carter
80%
16784Buck Williams
79%
13804Deron Williams
79%
14093Gus Williams
79%
14437Lou Williams
79%
16262Randy Smith
79%
13430Steve Smith
79%
13447Baron Davis
78%
16960Bob Cousy
78%
27313Elvin Hayes
78%
18822Isiah Thomas
78%
16320James Worthy
78%
14043Manu Ginobili
78%
20894Pau Gasol
78%
19521Walter Davis
78%
14155Eddie Jones
76%
23149Elgin Baylor
76%
16401Joe Dumars
76%
15411Sam Jones
76%
18381Tracy Mcgrady
75%
23334Robert Parish
74%
25613Alex English
72%
15994Amar'e Stoudemire
72%
26595George Gervin
72%
16006Rasheed Wallace
72%
13895Bob Love
71%
15802Chauncey Billups
71%
17182Chris Webber
71%
18607Dwight Howard
71%
16159Juwan Howard
71%
13479Blake Griffin
70%
15347Shawk Kemp
70%
20880Bob Pettit
68%
14711Damian Lillard
68%
14311Alonzo Mourning
67%
18787Bob McAdoo
66%
17137Grant Hill
64%
15581Walt Frazier
64%
16372DeMar DeRozan
63%
15948Pete Maravich
63%
17911Chris Mullin
62%
17700Shawn Marion
62%
19599LaMarcus Aldridge
61%
13516Dave Cowens
59%
18438Dolph Schayes
59%
13436Kyle Lowry
59%
20497Mitch Richmond
59%
13647Peja Stojakovic
59%
17454Earl Monroe
58%
25279Rick Barry
58%
15647Antoine Walker
55%
13790Bill Laimbeer
55%
18831Chet Walker
55%
15708Richard Hamilton
55%
20042Antawn Jamison
53%
18336Glen Rice
53%
21586Hal Greer
53%
14053Jerry Lucas
53%
14857Maurice Lucas
53%
24941Artis Gilmore
51%
19419Jamal Crawford
50%
14399Jo Jo White
50%
20049Tom Chambers
50%
23177Adrian Dantley
49%
13540Andre Iguodala
49%
19655Bernard King
49%
19248Bob Lanier
49%
18327Dave Bing
49%
16712Latrell Sprewell
49%
18458Mark Aguirre
49%
14437Nate Thurmond
49%
15586Terry Porter
49%
13398Vlade Divac
49%
16310Billy Cunningham
47%
19004Dale Ellis
47%
14858Monta Ellis
47%
16481Tiny Archibald
47%
18578Zach Randolph
47%
18881Jason Terry
46%
16266Paul Arizin
46%
15579Rashard Lewis
46%
27482Dan Issel
45%
16006Derek Harper
45%
16827Elton Brand
45%
13910Ron Harper
45%
19181Gail Goodrich
43%
14698Mike Bibby
43%
15635Sam Cassell
43%
14343Al Jefferson
42%
15097Byron Scott
42%
14837Charlie Scott
42%
14904Richard Jefferson
42%
15761Detlef Schrempf
38%
14018Fred Brown
38%
16297Stephon Marbury
38%
15659Jeff Hornacek
37%
17623Rolando Blackman
37%
17287Jack Sikma
36%
14644Jason Richardson
36%
15324Sam Perkins
36%
20941Walt Bellamy
36%
13910Alvan Adams
34%
17949Calvin Murphy
34%
17940Lou Hudson
34%
19460Terry Cummings
34%
17955World B. Free
34%
14470Hershey Hawkins
33%
17306Michael Finley
33%
16141Rudy Gay
33%
14551Allan Houston
32%
13976Carlos Boozer
32%
17253Kevin Willis
32%
17600Otis Thorpe
32%
14053Dave DeBusschere
30%
16409Jerry Stackhouse
30%
15980Kiki Vandeweghe
30%
15687Larry Nance
30%
15016Mike Mitchell
30%
13889Paul Millsap
30%
19015Reggie Theus
28%
17111Spencer Haywood
25%
15530Bob Dandridge
22%
13383Rudy Tomjanovich
22%
14644Jamaal Wilkes
17%
17770Bailey Howell
16%
14870Cliff Hagan
16%
13623Orlando Woolridge
16%
14607Purvis Short
14%
14463Rod Strickland
14%
17009George McGinnis
13%
13606Xavier McDaniel
13%
13959Chuck Person
12%
14862James Edwards
12%
15358Dick Barnett
11%
15291John Drew
11%
14676Richie Guerin
9%
15079Dick Van Arsdale
8%
15279Louie Dampier
8%
14232Tom Van Arsdale
8%
13901Billy Knight
7%
17437Ron Boone
7%
15028Sharif Abdul-Rahim
5%
15207Zelmo Beaty
5%
15840Jack Tywman
3%

Score Distribution

Percentile by Number Answered

Percent of People with Each Score

Your Score History

You have not taken this quiz